[Event "GEO-ch Blitz (Women)"]
[Site "Tbilisi"]
[Date "2023.12.07"]
[Round "8"]
[White "Vakhania, Alexandra"]
[Black "Purtseladze, Maka"]
[Result "1-0"]
[WhiteElo "2145"]
[BlackElo "2261"]
[PlyCount "46"]
[EventDate "2023.12.05"]
[EventType "swiss (blitz)"]
[EventRounds "13"]
[EventCountry "GEO"]
[SourceTitle "CB50_2023"]
[SourceDate "2023.12.13"]
[SourceVersion "1"]
[SourceVersionDate "2023.12.13"]
[SourceQuality "1"]

1. f4 d5 2. Nf3 c5 3. e3 Nc6 4. d4 Bg4 5. Be2 e6 6. 0-0 Nf6 7. c3 Be7 8. a3 c4 9. Bd2 0-0 10. Be1 Ne4 11. Nbd2 Nxd2 12. Nxd2 Bxe2 13. Qxe2 f5 14. g4 g6 15. h3 b5 16. Nf3 a5 17. Kh2 b4 18. gxf5 gxf5 19. axb4 axb4 20. Rxa8 Qxa8 21. Rg1+ Kh8 22. Ng5 Bxg5 23. fxg5 Kg7 1-0

[Event "GEO-ch Blitz (Women)"]
[Site "Tbilisi"]
[Date "2023.12.06"]
[Round "4"]
[White "Arabidze, Meri"]
[Black "Vakhania, Alexandra"]
[Result "1/2-1/2"]
[WhiteElo "2462"]
[BlackElo "2145"]
[PlyCount "125"]
[EventDate "2023.12.05"]
[EventType "swiss (blitz)"]
[EventRounds "13"]
[EventCountry "GEO"]
[SourceTitle "CB50_2023"]
[SourceDate "2023.12.13"]
[SourceVersion "1"]
[SourceVersionDate "2023.12.13"]
[SourceQuality "1"]

1. c4 f5 2. Nc3 Nf6 3. Nf3 e6 4. d4 Be7 5. g3 0-0 6. Bg2 d5 7. 0-0 c6 8. b3 Ne4 9. Qc2 b6 10. Bf4 Bb7 11. Rfd1 Nd7 12. Ne5 g5 13. Nxd7 Qxd7 14. Be5 Qe8 15. Nxe4 fxe4 16. f3 exf3 17. exf3 c5 18. Rf1 dxc4 19. Qxc4 Bd5 20. Qc2 cxd4 21. Bxd4 Bf6 22. Bxf6 Rxf6 23. Rae1 Rc8 24. Qd2 Qg6 25. Rc1 Rff8 26. Qe3 h6 27. Rfe1 Qf5 28. Rf1 Rxc1 29. Qxc1 Qd3 30. Qe1 Rc8 31. Rf2 Rc2 32. Rxc2 Qxc2 33. Qf2 Qb1+ 34. Bf1 Qc1 35. h3 Qc3 36. Kg2 Kg7 37. Be2 Kf6 38. Bf1 Ke5 39. Qe2+ Kd6 40. Qf2 Qc5 41. Be2 Qxf2+ 42. Kxf2 Kc5 43. f4 gxf4 44. gxf4 a5 45. Kg3 Kd4 46. Kh4 Ke3 47. Bb5 Kxf4 48. Kh5 Kg3 49. h4 Bf3+ 50. Kxh6 Kxh4 51. Kg6 Kg3 52. Kf6 Bd5 53. Ke5 Kf3 54. Kd6 Ke3 55. Kc7 Kd4 56. Kxb6 Kc3 57. Kxa5 Kb2 58. a4 Kxb3 59. Bd7 e5 60. Bf5 Kc3 61. Kb6 Kd4 62. a5 e4 63. Bxe4 1/2-1/2

[Event "GEO-ch Blitz (Women)"]
[Site "Tbilisi"]
[Date "2023.12.06"]
[Round "1"]
[White "Vakhania, Alexandra"]
[Black "Tasoshvili, Tamar"]
[Result "1-0"]
[WhiteElo "2145"]
[BlackElo "1298"]
[PlyCount "68"]
[EventDate "2023.12.05"]
[EventType "swiss (blitz)"]
[EventRounds "13"]
[EventCountry "GEO"]
[SourceTitle "CB50_2023"]
[SourceDate "2023.12.13"]
[SourceVersion "1"]
[SourceVersionDate "2023.12.13"]
[SourceQuality "1"]

1. d4 d5 2. Nf3 Nf6 3. Bf4 c6 4. e3 Bg4 5. Bd3 e6 6. Nbd2 Nbd7 7. h3 Bh5 8. Qe2 Be7 9. 0-0-0 Qa5 10. Kb1 c5 11. c3 c4 12. Bc2 b5 13. g4 Bg6 14. Bxg6 hxg6 15. Ne5 Nxe5 16. dxe5 Nd7 17. e4 Nb6 18. Be3 b4 19. cxb4 Qxb4 20. Bd4 Rd8 21. Ka1 Bc5 22. Bxc5 Qxc5 23. exd5 Rxd5 24. f4 c3 25. Ne4 cxb2+ 26. Qxb2 Qa5 27. Nd6+ Ke7 28. Rxd5 Qxd5 29. Rc1 Kd7 30. Qc3 Na8 31. Qc2 Qd4+ 32. Qc3 Qxf4 33. Qc6+ Ke7 34. Qb7+ Kf8 1-0

[Event "GEO-ch Rapid (Women)"]
[Site "Tbilisi"]
[Date "2023.01.27"]
[Round "4"]
[White "Tsetskhladze, Mariam"]
[Black "Vakhania, Alexandra"]
[Result "0-1"]
[WhiteElo "1747"]
[BlackElo "2145"]
[PlyCount "32"]
[EventDate "2023.01.26"]
[EventType "swiss (rapid)"]
[EventRounds "9"]
[EventCountry "GEO"]
[SourceTitle "EXT 2024"]
[Source "ChessBase"]
[SourceDate "2023.10.10"]
[SourceVersion "1"]
[SourceVersionDate "2023.10.10"]
[SourceQuality "1"]

1. e4 c6 2. d4 d5 3. e5 g6 4. Nc3 h5 5. h3 Nh6 6. Nf3 Bg7 7. Be2 b6 8. 0-0 Ba6 9. Bxa6 Nxa6 10. e6 fxe6 11. Qd3 Nc7 12. Qxg6+ Kf8 13. Ne5 Qe8 14. Qg5 Bf6 15. Ng6+ Kg7 16. Nxh8+ Bxg5 0-1

[Event "GEO-ch Rapid (Women)"]
[Site "Tbilisi"]
[Date "2023.01.27"]
[Round "5"]
[White "Vakhania, Alexandra"]
[Black "Gvetadze, Sofio"]
[Result "0-1"]
[WhiteElo "2145"]
[BlackElo "2298"]
[PlyCount "98"]
[EventDate "2023.01.26"]
[EventType "swiss (rapid)"]
[EventRounds "9"]
[EventCountry "GEO"]
[SourceTitle "EXT 2024"]
[Source "ChessBase"]
[SourceDate "2023.10.10"]
[SourceVersion "1"]
[SourceVersionDate "2023.10.10"]
[SourceQuality "1"]

1. d4 Nf6 2. Nf3 g6 3. Bg5 Bg7 4. Nc3 h6 5. Bh4 d5 6. e3 c6 7. Bd3 Qb6 8. Rb1 Bg4 9. h3 Bxf3 10. Qxf3 Nbd7 11. Bg3 0-0 12. 0-0 Nh5 13. Bh2 e5 14. dxe5 Nxe5 15. Bxe5 Bxe5 16. Ne2 Rad8 17. c3 Rfe8 18. Nd4 c5 19. Nf5 Bg7 20. Nxg7 Kxg7 21. e4 c4 22. Bc2 d4 23. Ba4 Re6 24. cxd4 Rxd4 25. Rfe1 Qc5 26. Qc3 Kg8 27. Rbd1 Rxd1 28. Rxd1 Nf6 29. b4 Qxf2+ 30. Kxf2 Nxe4+ 31. Kf3 Nxc3 32. Rd8+ Kg7 33. Bc2 Nxa2 34. b5 Rb6 35. Rc8 Rxb5 36. Rxc4 Nb4 37. Be4 a5 38. Rc7 b6 39. Ra7 Na2 40. Bc6 Rf5+ 41. Ke3 Nb4 42. Be4 Rf6 43. Kd4 Nc6+ 44. Bxc6 Rxc6 45. Rb7 h5 46. g4 hxg4 47. hxg4 Kf6 48. Kd5 Rc5+ 49. Kd6 Rb5 0-1

[Event "GEO-ch Rapid (Women)"]
[Site "Tbilisi"]
[Date "2023.01.27"]
[Round "6"]
[White "Vakhania, Alexandra"]
[Black "Javakhishvili, Lela"]
[Result "0-1"]
[WhiteElo "2145"]
[BlackElo "2440"]
[PlyCount "144"]
[EventDate "2023.01.26"]
[EventType "swiss (rapid)"]
[EventRounds "9"]
[EventCountry "GEO"]
[SourceTitle "EXT 2024"]
[Source "ChessBase"]
[SourceDate "2023.10.10"]
[SourceVersion "1"]
[SourceVersionDate "2023.10.10"]
[SourceQuality "1"]

1. d4 Nf6 2. Nf3 d6 3. Bg5 Nbd7 4. Nc3 h6 5. Bh4 g5 6. Bg3 Nh5 7. e3 e6 8. Bc4 a6 9. a3 Bg7 10. Qe2 b5 11. Ba2 Bb7 12. 0-0 Nxg3 13. fxg3 0-0 14. Rad1 Qe7 15. e4 c5 16. Kh1 g4 17. Nh4 cxd4 18. Nb1 h5 19. Nd2 Rac8 20. Nb3 Nc5 21. Nxd4 Nxe4 22. c3 d5 23. Bb1 Qg5 24. Nb3 f5 25. Na5 Ba8 26. a4 Rb8 27. Bxe4 fxe4 28. Rxf8+ Bxf8 29. Rf1 Bg7 30. axb5 axb5 31. Nb3 Bc6 32. Qe1 b4 33. Nc5 Qe7 34. cxb4 Be8 35. Qd2 Ra8 36. b3 Kh7 37. h3 Bb5 38. Re1 Bf6 39. hxg4 Rg8 40. gxh5 Rxg3 41. Ng6 Qd6 42. Qf4 Qxf4 43. Nxf4 Bc3 44. Nxe4 Bxe1 45. Nxg3 Bxg3 46. Nxe6 Kh6 47. Nd4 Bd7 48. Kg1 Kxh5 49. Kf1 Be5 50. Nf3 Bc3 51. Ke2 Bg4 52. Kd3 Bxb4 53. Kd4 Be6 54. Ne5 Be7 55. Nd3 Kg5 56. b4 Bf6+ 57. Kc5 Be7+ 58. Kd4 Bf6+ 59. Kc5 Kf5 60. Kd6 Bg8 61. b5 Ke4 62. Nf2+ Kd4 63. Ng4 Bh4 64. b6 Bg3+ 65. Kc6 Be6 66. Nf6 Kc4 67. Nh5 Be5 68. b7 d4 69. Ng7 Bd5+ 70. Kb6 Bxb7 71. Nf5 Bxg2 72. Ka5 Be4 0-1

[Event "Titled Tuesday intern op 08th Nov Early"]
[Site "Chess.com INT"]
[Date "2022.11.08"]
[Round "4"]
[White "Guimaraes, Wagner Peixoto"]
[Black "Vakhania, Alexandra"]
[Result "1-0"]
[WhiteElo "2199"]
[BlackElo "2145"]
[PlyCount "97"]
[EventDate "2022.11.08"]
[EventType "swiss (blitz)"]
[EventRounds "11"]
[EventCountry "USA"]
[SourceTitle "EXT 2024"]
[Source "ChessBase"]
[SourceDate "2023.10.10"]
[SourceVersion "1"]
[SourceVersionDate "2023.10.10"]
[SourceQuality "1"]

1. e4 c6 2. d4 d5 3. f3 g6 4. Be3 Bg7 5. Nc3 dxe4 6. fxe4 Nf6 7. Nf3 0-0 8. a3 Bg4 9. Bc4 Nbd7 10. e5 Ne8 11. 0-0 Nc7 12. Qe1 Be6 13. Bd3 Nd5 14. Bd2 Nxc3 15. bxc3 b5 16. Qh4 f6 17. Qg3 Bd5 18. Rae1 Nb6 19. e6 Nc4 20. Bc1 Qd6 21. Bf4 Qxa3 22. Bxg6 Qxc3 23. Bf5 Nd6 24. Bxd6 exd6 25. Qxd6 Rfd8 26. Qg3 Bxf3 27. Rxf3 Qxd4+ 28. Kh1 Qd6 29. e7 Rd7 30. e8Q+ Rxe8 31. Rxe8+ Kf7 32. Qxd6 Rxd6 33. Re1 a5 34. Ref1 a4 35. c3 Rd2 36. R3f2 Rd5 37. Bb1 Rc5 38. Ba2+ Kg6 39. Rf3 f5 40. h3 Bxc3 41. Bb1 b4 42. Rxf5 Rxf5 43. Bxf5+ Kg7 44. Bc2 b3 45. Bb1 a3 46. Rf2 c5 47. Re2 Bd4 48. g4 c4 49. Ba2 1-0

[Event "Titled Tuesday intern op 08th Nov Early"]
[Site "Chess.com INT"]
[Date "2022.11.08"]
[Round "3"]
[White "Vakhania, Alexandra"]
[Black "Kohler, Aran"]
[Result "1/2-1/2"]
[WhiteElo "2145"]
[BlackElo "2010"]
[PlyCount "89"]
[EventDate "2022.11.08"]
[EventType "swiss (blitz)"]
[EventRounds "11"]
[EventCountry "USA"]
[SourceTitle "EXT 2024"]
[Source "ChessBase"]
[SourceDate "2023.10.10"]
[SourceVersion "1"]
[SourceVersionDate "2023.10.10"]
[SourceQuality "1"]

1. d4 Nf6 2. Nf3 d5 3. Bg5 Ne4 4. Bf4 Bf5 5. Nbd2 e6 6. e3 Bd6 7. Bd3 Nxd2 8. Qxd2 Bxd3 9. Qxd3 Bxf4 10. exf4 Nc6 11. c3 0-0 12. 0-0 Qf6 13. g3 a6 14. Ne5 Nxe5 15. fxe5 Qe7 16. f4 c5 17. a3 Rac8 18. Rad1 cxd4 19. Qxd4 Rc4 20. Qf2 g6 21. Rd4 Rfc8 22. Rfd1 Qc5 23. Rxc4 Qxf2+ 24. Kxf2 Rxc4 25. Rd4 Rxd4 26. cxd4 f6 27. Ke3 fxe5 28. fxe5 g5 29. g4 Kf7 30. Kd3 Ke7 31. Kc3 Kd7 32. Kb4 b6 33. a4 Kc6 34. a5 Kb7 35. axb6 Kxb6 36. Ka4 a5 37. b4 axb4 38. Kxb4 h6 39. h3 Kc6 40. Ka5 Kc7 41. Kb5 Kb7 42. Kc5 Kc7 43. Kb5 Kb7 44. Kc5 Kc7 45. Kb5 1/2-1/2

[Event "Titled Tuesday intern op 01st Nov Early"]
[Site "Chess.com INT"]
[Date "2022.11.01"]
[Round "6"]
[White "Villamayor, Buenaventura"]
[Black "Vakhania, Alexandra"]
[Result "1-0"]
[WhiteElo "2337"]
[BlackElo "2145"]
[PlyCount "61"]
[EventDate "2022.11.01"]
[EventType "swiss (blitz)"]
[EventRounds "11"]
[EventCountry "USA"]
[SourceTitle "EXT 2024"]
[Source "ChessBase"]
[SourceDate "2023.10.10"]
[SourceVersion "1"]
[SourceVersionDate "2023.10.10"]
[SourceQuality "1"]

1. e4 c6 2. d4 d5 3. Nc3 g6 4. e5 h5 5. f4 Nh6 6. Nf3 Bg4 7. Be3 Nf5 8. Bf2 e6 9. g3 Be7 10. h3 Bxf3 11. Qxf3 Qa5 12. g4 Ng7 13. Bd3 c5 14. f5 cxd4 15. Bxd4 Nc6 16. fxg6 fxg6 17. 0-0-0 0-0-0 18. Bxg6 Rdf8 19. Qd3 Nxd4 20. Qxd4 Bc5 21. Qd3 hxg4 22. hxg4 Qb4 23. Rxh8 Rxh8 24. Qe2 Qf4+ 25. Kb1 Rh2 26. Qb5 Bb6 27. Be8 Qxe5 28. Qd7+ Kb8 29. Nb5 a6 30. Nd6 Nxe8 31. Qxb7# 1-0

[Event "Tbilisi Chiburdanidze Cup (Women)"]
[Site "Tbilisi"]
[Date "2021.09.11"]
[Round "8"]
[White "Gvetadze, Sofio"]
[Black "Vakhania, Alexandra"]
[Result "1-0"]
[WhiteElo "2302"]
[BlackElo "2146"]
[PlyCount "83"]
[EventDate "2021.09.08"]
[EventType "swiss (rapid)"]
[EventRounds "8"]
[EventCountry "GEO"]
[SourceTitle "CBM 204 Extra"]
[Source "ChessBase"]
[SourceDate "2021.11.30"]
[SourceVersion "1"]
[SourceVersionDate "2021.11.30"]
[SourceQuality "1"]

1. e4 d5 2. exd5 Qxd5 3. Nc3 Qd6 4. d4 Nf6 5. h3 a6 6. Nf3 b5 7. Bd3 Bb7 8. 0-0 e6 9. Bg5 Nbd7 10. Qe2 Be7 11. Rad1 h6 12. Bc1 c5 13. dxc5 Qxc5 14. Ne4 Qc7 15. c3 0-0 16. Ng3 Nc5 17. Bb1 Rfd8 18. Nd4 Bf8 19. Rfe1 g6 20. h4 Rd5 21. a3 Nh5 22. Ba2 Nxg3 23. fxg3 Qxg3 24. Bxd5 Bxd5 25. Qf2 Qg4 26. Bf4 Be7 27. Bxh6 Bxh4 28. Qe2 Qg3 29. Rf1 g5 30. Nf5 Qxg2+ 31. Qxg2 Bxg2 32. Ne7+ Kh7 33. Rxf7+ Kxh6 34. Kxg2 Ne4 35. Rd4 Nc5 36. b4 Na4 37. Rd6 Nxc3 38. Kh3 Rh8 39. Rxe6+ Kh5 40. Nf5 g4+ 41. Kg2 Kg5 42. Ng7 1-0

[Event "Tbilisi Chiburdanidze Cup (Women)"]
[Site "Tbilisi"]
[Date "2021.09.10"]
[Round "6"]
[White "Lomaia, Diana"]
[Black "Vakhania, Alexandra"]
[Result "1/2-1/2"]
[WhiteElo "2111"]
[BlackElo "2146"]
[PlyCount "179"]
[EventDate "2021.09.08"]
[EventType "swiss (rapid)"]
[EventRounds "8"]
[EventCountry "GEO"]
[SourceTitle "CBM 204 Extra"]
[Source "ChessBase"]
[SourceDate "2021.11.30"]
[SourceVersion "1"]
[SourceVersionDate "2021.11.30"]
[SourceQuality "1"]

1. d4 e6 2. c4 f5 3. Nf3 Nf6 4. g3 d5 5. Bg2 c6 6. 0-0 Bd6 7. b3 Qe7 8. Ne5 Nbd7 9. f4 0-0 10. Nc3 Ne4 11. Bb2 Ndf6 12. c5 Bc7 13. b4 Bd7 14. e3 Be8 15. Qc2 g5 16. fxg5 Nxg5 17. Ne2 Bxe5 18. dxe5 Ng4 19. Bd4 Qg7 20. Nf4 Bf7 21. Qe2 Ne4 22. a4 h5 23. Bxe4 fxe4 24. Ng2 Bg6 25. Nh4 Bh7 26. b5 Rxf1+ 27. Rxf1 cxb5 28. Qxb5 Rf8 29. Ng2 Rxf1+ 30. Qxf1 Bf5 31. Qb5 Bg6 32. Nf4 h4 33. Nxe6 Qe7 34. Nf4 hxg3 35. hxg3 Nxe5 36. Bxe5 Qxe5 37. Qd7 Bf7 38. Qg4+ Qg7 39. Qxg7+ Kxg7 40. a5 Kf6 41. Ne2 a6 42. Kf2 Kg5 43. Nd4 Be8 44. Ne6+ Kf6 45. Nf4 Ke5 46. Ne2 Kf5 47. Kg2 Kg4 48. Nf4 Bc6 49. Ne6 Bd7 50. Nd4 Ba4 51. Ne6 Bd7 52. Nd4 Ba4 53. Kf2 Kh3 54. Nf5 Bd7 55. Nh6 Be6 56. g4 Bxg4 57. Nf7 Bd7 58. Nd8 Bc6 59. Ne6 Kg4 60. Nd4 Ba4 61. Ne6 Bd7 62. Nd4 Bc8 63. Nc2 Kf5 64. Ke2 Ke5 65. Nd4 Bd7 66. Kd2 Bg4 67. Nc2 Bd7 68. Nd4 Bh3 69. Kc3 Bd7 70. Kd2 Bc6 71. Kc3 Kf6 72. Ne2 Kf5 73. Kd4 Kg4 74. Nf4 Kf3 75. Ne6 Ke2 76. Nf4+ Kd2 77. Ne6 Kc2 78. Nc7 Kb3 79. Nxd5 Ka4 80. Kxe4 Kxa5 81. Kd4 Kb5 82. e4 a5 83. e5 a4 84. e6 a3 85. e7 Bd7 86. Kc3 Kxc5 87. Nf6 Kd6 88. e8Q Bxe8 89. Nxe8+ Kd7 90. Nf6+ 1/2-1/2

[Event "Tbilisi Chiburdanidze Cup (Women)"]
[Site "Tbilisi"]
[Date "2021.09.09"]
[Round "3"]
[White "Arabidze, Meri"]
[Black "Vakhania, Alexandra"]
[Result "1-0"]
[WhiteElo "2441"]
[BlackElo "2146"]
[PlyCount "123"]
[EventDate "2021.09.08"]
[EventType "swiss (rapid)"]
[EventRounds "8"]
[EventCountry "GEO"]
[SourceTitle "CBM 204 Extra"]
[Source "ChessBase"]
[SourceDate "2021.11.30"]
[SourceVersion "1"]
[SourceVersionDate "2021.11.30"]
[SourceQuality "1"]

1. Nf3 d5 2. g3 Nf6 3. Bg2 Bf5 4. 0-0 e6 5. d3 Be7 6. Nbd2 h6 7. Qe1 c5 8. e4 Bh7 9. Qe2 Nc6 10. c3 Qc7 11. Nh4 g5 12. Nhf3 0-0-0 13. a3 c4 14. dxc4 dxe4 15. Ne1 Ne5 16. Nxe4 Qxc4 17. Qxc4+ Nxc4 18. Nxf6 Bxf6 19. Nf3 Rd7 20. Re1 Rhd8 21. Nd4 Bxd4 22. cxd4 Rxd4 23. b3 Na5 24. Bb2 Rd2 25. Rac1+ Rc2 26. b4 Nc4 27. Bg7 Nxa3 28. Bxh6 Rg8 29. f4 g4 30. Bg5 Kb8 31. Bf6 Nc4 32. Rxc2 Bxc2 33. Rc1 Bb3 34. Rc3 Ba2 35. Rd3 Rg6 36. Be7 Kc7 37. Rd8 e5 38. f5 Ra6 39. Bf1 Bb3 40. Rd3 Ra1 41. Kf2 b5 42. Be2 Bc2 43. Rd5 Bxf5 44. Rxb5 Nd6 45. Rxe5 Ne4+ 46. Ke3 Bg6 47. Rxe4 Bxe4 48. Kxe4 Rh1 49. Bc5 Rxh2 50. Bxg4 Ra2 51. Bh5 a5 52. Bxf7 Re2+ 53. Kf3 Re1 54. bxa5 Ra1 55. Bb6+ Kb7 56. Bd5+ Ka6 57. Bc4+ Kb7 58. Be2 Ra4 59. g4 Rb4 60. Kg3 Kb8 61. Bf3 Rb5 62. Kf4 1-0

[Event "GEO-ch (Women) 78th"]
[Site "Tbilisi"]
[Date "2021.06.14"]
[Round "2"]
[White "Gvetadze, Sofio"]
[Black "Vakhania, Alexandra"]
[Result "1-0"]
[WhiteElo "2309"]
[BlackElo "2161"]
[PlyCount "63"]
[EventDate "2021.06.13"]
[EventType "tourn"]
[EventRounds "9"]
[EventCountry "GEO"]
[EventCategory "2"]
[SourceTitle "CBM 203 Extra"]
[Source "ChessBase"]
[SourceDate "2021.09.30"]
[SourceVersion "1"]
[SourceVersionDate "2021.09.30"]
[SourceQuality "1"]

1. e4 c6 2. d4 d5 3. Nc3 dxe4 4. Nxe4 Nf6 5. Nxf6+ exf6 6. c3 Bd6 7. Bd3 0-0 8. Qc2 Re8+ 9. Ne2 h5 10. 0-0 Qc7 11. h3 f5 12. Kh1 g6 13. Ng1 Nd7 14. Bg5 Nf8 15. Nf3 Be6 16. c4 Nh7 17. Bd2 c5 18. d5 Bd7 19. Bc3 b5 20. b3 b4 21. Bb2 a5 22. a3 Bf8 23. a4 Bg7 24. Bxg7 Kxg7 25. Qb2+ f6 26. Rae1 Kf7 27. Qd2 Qd6 28. Rxe8 Rxe8 29. Qh6 Nf8 30. Nh4 g5 31. Qxh5+ Kg7 32. Qxe8 1-0

[Event "GEO-ch (Women) 1st League 78th"]
[Site "Tbilisi"]
[Date "2021.03.22"]
[Round "5"]
[White "Lomaia, Diana"]
[Black "Vakhania, Alexandra"]
[Result "1-0"]
[WhiteElo "1946"]
[BlackElo "2134"]
[PlyCount "123"]
[EventDate "2021.03.18"]
[EventType "swiss"]
[EventRounds "9"]
[EventCountry "GEO"]
[SourceTitle "CBM 201 Extra"]
[Source "ChessBase"]
[SourceDate "2021.05.31"]
[SourceVersion "1"]
[SourceVersionDate "2021.05.31"]
[SourceQuality "1"]

1. d4 f5 2. c4 e6 3. Nf3 Nf6 4. g3 d5 5. Bg2 c6 6. 0-0 Bd6 7. b3 Qe7 8. Bb2 Nbd7 9. Qc1 Ne4 10. Ba3 0-0 11. e3 b6 12. Rd1 Bb7 13. Bxd6 Qxd6 14. Qb2 a5 15. Na3 g5 16. Nc2 Ba6 17. Bf1 f4 18. exf4 gxf4 19. Nce1 fxg3 20. fxg3 Rf6 21. Rac1 Qf8 22. Be2 Qh6 23. Ng2 Raf8 24. Rf1 R8f7 25. cxd5 Bxe2 26. Qxe2 exd5 27. Rce1 Qh3 28. Qe3 Qh5 29. Nd2 Nxd2 30. Qxd2 Rxf1+ 31. Rxf1 Rxf1+ 32. Kxf1 Nf6 33. Qe2 Qf5+ 34. Nf4 Qe4 35. Qxe4 Nxe4 36. Ne6 c5 37. dxc5 bxc5 38. Ke2 Kf7 39. Nf4 Nf6 40. Nd3 Nd7 41. Nf4 Nb6 42. Nd3 c4 43. bxc4 dxc4 44. Nf4 Kf6 45. Kd2 Na4 46. Kc2 Ke5 47. h3 Ke4 48. Ne6 h6 49. g4 c3 50. g5 hxg5 51. Nxg5+ Kd4 52. Nf3+ Kc4 53. Ne5+ Kd4 54. Nc6+ Kc4 55. Nxa5+ Kb4 56. Nc6+ Kc4 57. h4 Nc5 58. h5 Nd3 59. Na5+ Kd4 60. Nc6+ Kc4 61. Na5+ Kb4 62. Kxd3 1-0

[Event "GEO-ch (Women) 1st League 78th"]
[Site "Tbilisi"]
[Date "2021.03.21"]
[Round "4"]
[White "Vakhania, Alexandra"]
[Black "Esadze, Tamari"]
[Result "1-0"]
[WhiteElo "2134"]
[BlackElo "1889"]
[PlyCount "69"]
[EventDate "2021.03.18"]
[EventType "swiss"]
[EventRounds "9"]
[EventCountry "GEO"]
[SourceTitle "CBM 201 Extra"]
[Source "ChessBase"]
[SourceDate "2021.05.31"]
[SourceVersion "1"]
[SourceVersionDate "2021.05.31"]
[SourceQuality "1"]

1. d4 d5 2. Nf3 Nf6 3. g3 e6 4. Bg2 c5 5. 0-0 Nc6 6. c3 Bd6 7. a3 0-0 8. b4 c4 9. Bg5 h6 10. Bxf6 Qxf6 11. e4 Qd8 12. Nbd2 Be7 13. Re1 Bf6 14. Nf1 g6 15. Ne3 Bg7 16. Nd2 Ne7 17. f4 Qd6 18. Qf3 Rd8 19. h4 Kh7 20. h5 Rb8 21. g4 b6 22. g5 Bb7 23. hxg6+ fxg6 24. e5 Qc7 25. Ng4 Nf5 26. Nf6+ Kh8 27. Kf2 h5 28. Rh1 Bxf6 29. gxf6 Rd7 30. Bh3 Rh7 31. Rag1 Rg8 32. Bxf5 exf5 33. e6 Rh6 34. Qe3 Bc8 35. f7 1-0

[Event "GEO-ch (Women) 1st League 78th"]
[Site "Tbilisi"]
[Date "2021.03.20"]
[Round "3"]
[White "Nikoladze, Sopio"]
[Black "Vakhania, Alexandra"]
[Result "0-1"]
[WhiteElo "2132"]
[BlackElo "2134"]
[PlyCount "62"]
[EventDate "2021.03.18"]
[EventType "swiss"]
[EventRounds "9"]
[EventCountry "GEO"]
[SourceTitle "CBM 201 Extra"]
[Source "ChessBase"]
[SourceDate "2021.05.31"]
[SourceVersion "1"]
[SourceVersionDate "2021.05.31"]
[SourceQuality "1"]

1. d4 Nf6 2. Nf3 d5 3. e3 c5 4. b3 Nc6 5. Bd3 Bg4 6. Bb2 e6 7. Nbd2 cxd4 8. exd4 Bd6 9. 0-0 0-0 10. a3 e5 11. dxe5 Bxe5 12. Qb1 Bf4 13. h3 Bh5 14. g3 Bc7 15. b4 Re8 16. b5 Na5 17. g4 Bg6 18. Bd4 Nc4 19. Nxc4 dxc4 20. Bxg6 hxg6 21. Qb2 Qd5 22. Nh2 Bxh2+ 23. Kxh2 Nxg4+ 24. hxg4 Re4 25. f3 Rxd4 26. Rf2 Qe5+ 27. Kh3 f5 28. Re1 Qf4 29. Rg1 Kf7 30. Rg3 Rh8+ 31. Kg2 Qh6 0-1

[Event "GEO-ch (Women) 1st League 78th"]
[Site "Tbilisi"]
[Date "2021.03.19"]
[Round "2"]
[White "Vakhania, Alexandra"]
[Black "Tsotsonava, Elene"]
[Result "1-0"]
[WhiteElo "2134"]
[BlackElo "1805"]
[PlyCount "57"]
[EventDate "2021.03.18"]
[EventType "swiss"]
[EventRounds "9"]
[EventCountry "GEO"]
[SourceTitle "CBM 201 Extra"]
[Source "ChessBase"]
[SourceDate "2021.05.31"]
[SourceVersion "1"]
[SourceVersionDate "2021.05.31"]
[SourceQuality "1"]

1. e4 c5 2. Nc3 Nc6 3. f4 g6 4. Nf3 Bg7 5. Bb5 Nd4 6. 0-0 e6 7. d3 Ne7 8. Nxd4 cxd4 9. Ne2 0-0 10. Kh1 a6 11. Ba4 b5 12. Bb3 Bb7 13. Ng3 d5 14. f5 Nc6 15. exd5 exd5 16. Qg4 Qd6 17. Qh4 Rfe8 18. f6 Bf8 19. Bh6 Rad8 20. Bxd5 Bxh6 21. Bxf7+ Kxf7 22. Qxh6 Ke6 23. Ne4 Qe5 24. Rae1 Kd7 25. f7 Rf8 26. Nf6+ Kc8 27. Rxe5 Nxe5 28. Qh3+ Nd7 29. Nxh7 1-0

[Event "Gaprindashvili Cup (Women) 3rd"]
[Site "Tornelo INT"]
[Date "2020.11.12"]
[Round "1.2"]
[White "Melia, Salome"]
[Black "Vakhania, Alexandra"]
[Result "1/2-1/2"]
[WhiteElo "2371"]
[BlackElo "2134"]
[PlyCount "132"]
[EventDate "2020.11.12"]
[EventType "k.o. (rapid)"]
[EventRounds "4"]
[EventCountry "GEO"]
[SourceTitle "CBM 199 Extra"]
[Source "ChessBase"]
[SourceDate "2021.01.31"]
[SourceVersion "1"]
[SourceVersionDate "2021.01.31"]
[SourceQuality "1"]

1. e4 c6 2. d4 d5 3. e5 g6 4. Nf3 Bg7 5. Be2 Nh6 6. 0-0 0-0 7. Re1 f6 8. exf6 exf6 9. c4 Nf7 10. Nc3 dxc4 11. Bxc4 Nd7 12. Qb3 Nb6 13. Be6 Bxe6 14. Qxe6 Re8 15. Qxe8+ Qxe8 16. Rxe8+ Rxe8 17. Bf4 g5 18. Bc7 f5 19. Bxb6 axb6 20. Kf1 g4 21. Nh4 Nd6 22. Rd1 Bf6 23. g3 Bxh4 24. gxh4 b5 25. Ne2 Kf7 26. b3 b4 27. Rc1 Ra8 28. Rc2 Nb5 29. Kg2 Re8 30. Kf1 f4 31. f3 gxf3 32. Nxf4 Nxd4 33. Rc4 Re4 34. Nd3 Rxh4 35. Rxb4 Nf5 36. Rxb7+ Ke6 37. Kf2 Nd6 38. Rc7 Kd5 39. Kxf3 Rh3+ 40. Ke2 Rxh2+ 41. Kf3 Rh3+ 42. Ke2 Rh4 43. Rd7 Ke6 44. Rc7 Kd5 45. Rd7 c5 46. a4 Re4+ 47. Kd2 Rh4 48. Ke2 Rh2+ 49. Ke3 h5 50. a5 h4 51. a6 Ra2 52. a7 Ra1 53. Nf4+ Kc6 54. Rh7 Nf5+ 55. Ke4 Nd6+ 56. Kd3 Ra3 57. Kc2 Nb5 58. Rh6+ Kb7 59. Rh7+ Ka8 60. Rxh4 Nd4+ 61. Kc3 Rxb3+ 62. Kc4 Kxa7 63. Kxc5 Nc2 64. Rh7+ Ka6 65. Nd5 Rb7 66. Rxb7 Kxb7 1/2-1/2

[Event "Gaprindashvili Cup (Women)"]
[Site "Tornelo INT"]
[Date "2020.11.09"]
[Round "4"]
[White "Vakhania, Alexandra"]
[Black "Sichinava, Mariam"]
[Result "0-1"]
[WhiteElo "2134"]
[BlackElo "1516"]
[PlyCount "60"]
[EventDate "2020.11.08"]
[EventType "swiss (rapid)"]
[EventRounds "9"]
[EventCountry "GEO"]
[SourceTitle "CBM 199 Extra"]
[Source "ChessBase"]
[SourceDate "2021.01.31"]
[SourceVersion "1"]
[SourceVersionDate "2021.01.31"]
[SourceQuality "1"]

1. d4 Nf6 2. Nf3 c5 3. e3 g6 4. Be2 Bg7 5. 0-0 0-0 6. b3 cxd4 7. exd4 d5 8. Bb2 Nc6 9. c4 Bf5 10. Nc3 Rc8 11. c5 Ne4 12. a3 a5 13. Bb5 b6 14. Bxc6 Rxc6 15. b4 bxc5 16. bxc5 Qb8 17. Na4 Nxc5 18. dxc5 Bxb2 19. Nxb2 Qxb2 20. Qxd5 Rfc8 21. Ne5 Rxc5 22. Qxf7+ Kh8 23. Nf3 Bd3 24. Ng5 Rxg5 25. Qxe7 Rgc5 26. Rad1 R5c7 27. Qe3 Bxf1 28. Rxf1 Rc1 29. g3 Rxf1+ 30. Kxf1 Qc1+ 0-1